[Event "Taastrup"]
[Site "Taastrup"]
[Date "1992.??.??"]
[Round "?"]
[White "Hector, Jonny"]
[Black "Wahls, Matthias"]
[Result "1-0"]
[WhiteElo "2535"]
[BlackElo "2570"]
[Annotator "Stohl,I"]
[PlyCount "122"]
[EventDate "1992.02.??"]
[EventType "tourn"]
[EventRounds "9"]
[EventCountry "DEN"]
[EventCategory "13"]
[SourceTitle "CBM 028"]
[Source "ChessBase"]
[SourceDate "1992.06.01"]
[SourceVersion "1"]
[SourceVersionDate "1992.06.01"]
[SourceQuality "1"]

1. e4 {Hansen,Cu} d6 2. d4 Nf6 3. Nc3 e5 4. dxe5 (4. Nf3 $142 $14 {()}) 4...
dxe5 5. Qxd8+ Kxd8 6. Nf3 (6. Bg5 {Hansen,Cu} Be6 7. O-O-O+ Nbd7 8. f4 $5) 6...
Bd6 7. Bg5 Be6 8. O-O-O Nbd7 9. Bb5 (9. Bh4 h6 10. Bxf6+ gxf6 11. Nh4 Bc5 $15 {
Akopian,V-Cifuentes Parada,R,Buenos Aires Konex 1991-TD 91_09}) (9. Bxf6+ gxf6
10. Nd5 Kc8 11. Bc4 Bc5 $1 {/\c6-+} 12. Bb3 Bxf2 13. Rhf1 Bc5 14. Nd2 Bxd5 15.
Bxd5 Rf8 16. Rf3 c6 17. Bb3 Kc7 18. Rh3 Rg8 19. Rxh7 Rxg2 $36 {Epishin,
V-Bologan,V,Nimes op 1991}) 9... Kc8 10. Bxf6 Nxf6 11. Ng5 Rf8 (11... a6 12.
Be2 Bc5 13. Rhf1 c6 14. g3 $6 (14. Nxe6 $142 fxe6 15. Bc4 $14) 14... Rf8 15. f4
exf4 16. Nxe6 fxe6 17. gxf4 Kc7 18. a3 Rae8 19. b4 Be3+ 20. Kb2 Ng8 $15 {
King,D-Wahls,M,Luzern 1989-CBM 16}) 12. Nxe6 fxe6 13. Rhe1 Bc5 14. f3 $14 {
><e5,e6} c6 15. Bc4 Re8 16. g3 Kc7 17. Bf1 $1 {/\Bh3} Re7 (17... Rad8 $5 18.
Bh3 $14) 18. Na4 (18. Bh3 $142) 18... Bd4 $1 19. Rd3 (19. c3 $2 Bg1 {/\Bh2,b5})
19... a5 20. Red1 Nd7 21. c3 Bf2 (21... Bg1 $2 {Hansen,Cu} 22. Be2 Bxh2 23.
Rxd7+ Rxd7 24. Rxd7+ Kxd7 25. Nb6+ $16) 22. b3 b5 (22... Nc5 $142 23. Nxc5 Bxc5
24. Bh3 Rf8 $10 {/\Rff7,Rd7}) 23. Nb2 Rf8 (23... Nc5 $5 {Hansen,Cu} 24. Rd6 $8
Bg1 25. h3 Bf2 26. g4 $15) 24. Be2 h5 25. Rf1 Bb6 26. Kc2 $14 (26. a4 $6 Nc5
$10) 26... h4 27. Rdd1 Rh8 28. g4 Be3 (28... Nc5 $5 $132 29. a3) 29. a4 $1 bxa4
$8 30. Nxa4 Nf6 (30... h3 $5 31. Bc4 Bf4 32. Rf2 $14) 31. Nb2 Bf4 32. h3 Ra8 (
32... Nh7 33. Ra1 Ng5 34. Rxa5 $16 Nxh3 $2 35. Ra7+ $18) 33. Ra1 Nh7 34. Nc4
Ng5 35. Rxa5 Rxa5 36. Nxa5 Bg3 (36... Nxh3 37. Rh1 $16) 37. Rh1 Rf7 38. Nc4 (
38. Kb2 $22 {Hansen,Cu} Nxf3 39. Rf1 $10) 38... Nxf3 39. Rf1 Ne1+ (39... Ng5
40. Rxf7+ Nxf7 41. Kd3 Ng5 42. Bf1 $16) 40. Kc1 Rd7 (40... Rxf1 41. Bxf1 $16)
41. Rf8 Bf4+ 42. Kb2 Nd3+ (42... g5 $5 43. Rf6 Nd3+ 44. Ka3 $36) 43. Bxd3 $1
Rxd3 44. Rf7+ Kd8 45. g5 $1 Rxh3 (45... Bxg5 46. Na5 $1 (46. Nxe5 Rxh3 47.
Nxc6+ Ke8 $13 {/\} 48. Rxg7 Bf6 $10) 46... Rxh3 (46... Bf6 47. Nxc6+ Ke8 48.
Ra7 Rxh3 49. b4 $16) 47. Nxc6+ Ke8 48. Rxg7 $16) (45... g6 $5 $15 {Hansen,Cu})
46. g6 Rh1 (46... Bh6 47. Nxe5 $18) 47. Na5 h3 48. Nxc6+ Kc8 (48... Ke8 {
Hansen,Cu} 49. Re7+ Kf8 50. Rf7+ Ke8 $10) 49. Rxg7 h2 50. Rh7 Rg1 51. Ka3 $1 {
/\Kb4-b5-b6,Rc7#} (51. g7 $4 Rxg7 $19) 51... h1=Q $8 52. Rxh1 Rxh1 53. g7 Rg1
54. g8=Q+ Rxg8 55. Ne7+ Kd7 56. Nxg8 $18 Bg5 57. Kb4 Kc6 (57... Ke8 58. c4 Kf8
59. c5 Kxg8 60. c6 Bd8 61. Kb5 Kf8 62. Ka6 Ke7 63. Kb7 Kd6 64. b4 $18) 58. Kc4
Kb6 59. b4 Kc6 60. Kb3 Kb5 61. c4+ Kc6 (61... Kc6 62. Ka4 $18 {[Stohl]}) 1-0

[Event "Rubinstein Memorial"]
[Site "Polanica Zdroj"]
[Date "1993.??.??"]
[Round "6"]
[White "Dorfman, Josif D"]
[Black "Hickl, Joerg"]
[Result "1-0"]
[WhiteElo "2555"]
[BlackElo "2570"]
[Annotator "Stohl,I"]
[PlyCount "159"]
[EventDate "1993.08.??"]
[EventType "tourn"]
[EventRounds "11"]
[EventCountry "POL"]
[EventCategory "13"]
[SourceTitle "CBM 037"]
[Source "ChessBase"]
[SourceDate "1993.12.01"]
[SourceVersion "1"]
[SourceVersionDate "1993.12.01"]
[SourceQuality "1"]

1. d4 {Glatman} d6 2. e4 Nf6 3. Nc3 e5 4. dxe5 dxe5 5. Qxd8+ Kxd8 6. Bc4 (6.
Bg5 Bd6 $6 (6... Be6 $142) (6... Be6 {Glatman} 7. O-O-O+ Nbd7 8. f4 exf4 9. Nf3
h6 10. Bxf4 c6 11. a3 Bc5 12. Nd4 Bg4 13. Be2 Bxe2 14. Ndxe2 Ng4 15. Na4 Be7
16. Rhf1 Ke8 17. h3 Nge5 $132 {Maljutin,E-Titov,G SSSR 1991/}) 7. O-O-O Nbd7 8.
Nf3 Ke8 9. Nb5 Ke7 10. Nd2 h6 11. Bh4 Nb6 12. f3 Be6 13. Bf2 Nfd7 14. b3 Rhc8
15. Nxd6 cxd6 16. Kb2 Nc5 17. Nb1 $1 f5 18. exf5 Bxf5 19. c4 g5 20. Nc3 $16 {
Dvoirys,S-Spasov,V/Biel izt/1993/}) (6. Nf3 Bd6 7. Bg5 $6 (7. Bc4 Ke7 $5 8. Bg5
Be6 9. Nd5+ Bxd5 10. Bxd5 c6 11. Bb3 {Gulko,B-Cifuentes Parada,R Novi Sad 1990/
} Nbd7 $5 $10) 7... Be6 $1 8. O-O-O Nbd7 9. Bh4 h6 10. Bxf6+ gxf6 11. Nh4 Bc5
12. f3 c6 $15 {Akopian,V-Cifuentes Parada,R Buenos Aires 1991 Inf 52/125/})
6... Be6 (6... Ke8 $5 {Glatman}) 7. Bxe6 fxe6 8. f3 (8. Nf3 Bd6 9. Nd2 (9. Be3
{Glatman} Nc6 $1 $10 {Browne,W-Gulko,B USA 1991/}) 9... Nc6 10. f3 Ke7 11. Nd1
$6 Nb4 12. Ne3 Bc5 13. Ndc4 b5 14. Nxe5 Bxe3 15. Bxe3 Nxc2+ 16. Ke2 Nxa1 17.
Rxa1 Rhc8 18. Nc6+ Ke8 19. Nxa7 Rcb8 20. Nc6 $44 {Hodgson,J-Malaniuk,V/
Calcutta op/1993/}) 8... Bb4 {N} (8... Bd6 $5) (8... Bc5 9. Na4 Bd6 10. Be3
Nbd7 (10... Nfd7 11. Nh3 Ke7 12. Nf2 Nc6 13. Nd3 Nb4 14. Nxb4 Bxb4+ 15. Ke2 $14
{Vaiser,A-Epishin,V/Novosibirsk/1993/}) 11. Nh3 Ke7 12. O-O-O b5 13. Nc3 Rhb8
14. Nf2 {Gipslis,A-Moskalenko,V/Alushta/1993/} a6 $10) (8... Bd6 $5 {Glatman})
9. Bd2 Ke7 10. O-O-O Nc6 11. Nh3 (11. Nge2 Nd4 $5 $10) 11... a6 12. Nf2 Bd6 13.
Ne2 h6 (13... Rhd8 $5 {Glatman}) 14. Nd3 Nd7 (14... g5 15. c4 $5 Nd7 16. Be3 b6
17. h4 $36) (14... b5 $5 {Glatman}) 15. Be3 b5 16. h4 $1 $14 Na5 17. h5 c5 (
17... Nb7 18. f4 Ndc5 (18... Nbc5 $2 19. Nxc5 Bxc5 20. Rxd7+ $18) 19. fxe5
Nxd3+ 20. cxd3 $1 Bxe5 21. d4 $16) (17... Rhf8 $5 {/\} 18. f4 $2 Nc4) 18. f4
$36 Nc6 (18... Nc4 19. Bf2 exf4 20. Nexf4 Bxf4+ 21. Nxf4 Nce5 22. Rd2 $36) 19.
fxe5 Ncxe5 20. Nxe5 Bxe5 (20... Nxe5 $2 21. Rxd6 Kxd6 22. Bf4 {/\Rd1,Be5+-})
21. Nf4 Bxf4 $8 22. Bxf4 c4 (22... e5 23. Bg3 Ke6 24. Rd5 $16) 23. Bd6+ Ke8 24.
e5 $16 {()} Nf8 25. Rh4 Nh7 26. b3 cxb3 27. axb3 Ng5 28. Kb2 Kf7 29. Rf4+ Kg8
30. c4 bxc4 31. Rxc4 (31. bxc4 $5 $16 {/\c5,Rb4-b6}) 31... Kh7 32. Ra1 Ra7 33.
b4 Rha8 (33... Nf7 $142 $5 34. Rc6 Nxd6 35. exd6 Rb8 $132) 34. Kb3 g6 35. g4
Rf7 (35... Nf7 $5 {Glatman}) 36. Ra5 gxh5 37. gxh5 {/\Rc6} Nf3 38. Ka4 Nd2 (
38... Rf5 $5 {Glatman}) 39. Rc6 Rf5 (39... Rfa7 40. Bc5 $18) 40. Raxa6 Rxa6+
41. Rxa6 Rxh5 42. Bc7 (42. b5 $5 Rh4+ 43. Bb4 Nc4 (43... Ne4 44. Ka5 $18) 44.
Rxe6 Re4 45. Bc3 Nxe5+ 46. Kb3 Nd3 47. Rxe4 Nc5+ 48. Kc4 Nxe4 49. Be5 $18)
42... Rh1 43. Rxe6 h5 44. Rc6 (44. Rd6 Nf3 45. Rf6 $18) 44... Nf3 45. Ka5 $6 (
45. b5 {Glatman} Nd4 $16) 45... h4 46. b5 Ra1+ 47. Kb6 Re1 48. Rc3 Nd4 $1 (
48... Nxe5 49. Rh3 (49. Bxe5 {Glatman} Rxe5 50. Ka6 Kg6 51. b6 Re1 52. Rc6+ Kg5
53. Rc5+ Kg4 54. b7 $18) 49... Nc4+ 50. Kc5 Re4 51. Bd8 $18) 49. Rh3 Nf5 50.
Kc6 Kg6 51. b6 Rc1+ 52. Kd5 Rb1 (52... Rd1+ {Glatman} 53. Kc4 Rb1 54. Rb3 $18)
53. e6 {/\Kc6-d7-c8,b7} Kf6 (53... Kg5 {Glatman} 54. Kc6 Kg4 55. Rd3 Rc1+ 56.
Kd7) 54. Bd8+ Kg6 (54... Ne7+ $2 {Glatman} 55. Kd6 Rd1+ 56. Kc7 $18) 55. Kc6
Rc1+ 56. Kd7 Rd1+ 57. Kc7 Rc1+ 58. Kb8 Re1 59. e7 $2 (59. b7 $1 Nd6 (59... Rxe6
60. Kc7 $18) 60. e7 Rb1 61. Kc7 $18) 59... Kh5 $1 (59... Nxe7 60. Bxe7 Rxe7 61.
Rxh4 $18) 60. b7 Nxe7 61. Kc7 Rc1+ 62. Kd6 Rb1 63. Bxe7 (63. Kc7 Rc1+ $10)
63... Rxb7 64. Rxh4+ Kg6 65. Ke6 Rb6+ 66. Bd6 Kg5 67. Ra4 Rc6 68. Ra3 Kh4 $6 (
68... Rc4 $10) 69. Rd3 Kg4 70. Rg3+ Kh4 71. Rg6 Ra6 72. Kf5 Kh5 73. Rg1 Ra5+
74. Be5 $18 {Philidor} Ra4 75. Rg5+ Kh4 76. Rg8 Kh3 77. Rg3+ Kh4 78. Rd3 Ra5
79. Rb3 Rc5 $2 (79... Rd5 $8 {/\} 80. Rb2 Rd3) 80. Rb2 1-0

[Event "Dos Hermanas"]
[Site "Dos Hermanas"]
[Date "1994.??.??"]
[Round "5"]
[White "Morovic Fernandez, Ivan"]
[Black "Rivas Pastor, Manuel"]
[Result "1-0"]
[WhiteElo "2605"]
[BlackElo "2505"]
[Annotator "Stohl,I"]
[PlyCount "51"]
[EventDate "1994.04.??"]
[EventType "tourn"]
[EventRounds "9"]
[EventCountry "ESP"]
[EventCategory "16"]
[SourceTitle "CBM 041"]
[Source "ChessBase"]
[SourceDate "1994.08.01"]
[SourceVersion "1"]
[SourceVersionDate "1994.08.01"]
[SourceQuality "1"]

1. e4 d6 2. d4 Nf6 3. Nc3 c6 4. f4 Qb6 $5 (4... Qa5 5. Bd3 e5 6. Nf3 Nbd7 7.
O-O Be7 8. Kh1 O-O 9. Qe1 Re8 10. Bd2 Qc7 11. dxe5 (11. a4 {()}) 11... dxe5 12.
Bc4 b5 13. Bb3 b4 14. fxe5 Nxe5 15. Nxe5 Qxe5 16. Bf4 Qh5 17. Ne2 Ba6 18. Ng3
Qg6 19. Rf3 Bf8 20. e5 c5 $1 $36 {Hausner,I-Blatny,P/Bohdanec/1994/}) 5. Be2 (
5. Nf3 Bg4 6. Be2 (6. e5 Nd5 7. Nxd5 cxd5 8. c3 e6 9. Bd3 Be7 10. h3 (10. O-O
dxe5 11. Qa4+ Nc6 12. Nxe5 Bf5 13. Bxf5 exf5 14. Re1 f6 15. Nxc6 Qxc6 16. Qc2
g6 17. Qe2 O-O $1 18. Bd2 Bd6 19. Qe6+ Kg7 20. c4 dxc4 21. d5 Bc5+ $17 {
Blatny,P-Tseshkovsky,V/Alma-Ata/1989/}) 10... Bxf3 11. Qxf3 Nc6 12. h4 O-O-O
13. Qe2 (13. h5 $5 $14) 13... h5 14. Be3 Kb8 15. Bf2 Ka8 16. b4 Rc8 17. O-O Qd8
18. Qe1 dxe5 19. dxe5 f6 20. exf6 Bxf6 21. Rc1 Qd6 22. Bc5 Qd7 23. Qf2 d4 $13 {
Fernandez Garcia,JL-Rivas,M/Dos Hermanas/1993/}) 6... Bxf3 7. Bxf3 e5 8. fxe5
dxe5 9. dxe5 Nfd7 10. e6 fxe6 11. Bh5+ g6 12. Bg4 e5 13. Rf1 Be7 14. Be6 Rf8
15. Qe2 Na6 16. Rb1 O-O-O 17. Bh6 Rxf1+ 18. Kxf1 Nac5 19. Bc4 a5 20. a3 a4 21.
Be3 Qa5 $10 {Genius Oviedo-Rivas,M/Oviedo 25'/1993/}) (5. e5 $5 Nd5 6. Nxd5
cxd5 7. Bd3 g6 8. c3 Bf5 9. Bxf5 gxf5 10. Qh5 e6 11. Nf3 Nc6 12. Ng5 Nd8 13. g4
$1 Be7 14. gxf5 exf5 15. Nxf7 Nxf7 16. e6 Rf8 17. Rg1 O-O-O 18. exf7 Rd7 19.
Rg8 Kc7 20. Rxf8 Bxf8 21. Qxf5 Qb5 22. Kf2 Re7 23. Qc2 Qd7 24. Qd3 Qg4 25. Bd2
Rxf7 26. Rg1 $16 {Wells,P-Rashkovsky,N/London LB/1990/}) 5... e5 (5... g6 6.
Nf3 Bg4 7. e5 (7. O-O Nbd7 8. Kh1 Rd8 9. Rb1 Bg7 10. Be3 O-O 11. Qe1 Qc7 12.
Qh4 e5 13. fxe5 dxe5 14. Nxe5 Bxe2 15. Nxd7 Qxd7 16. Nxe2 Qg4 17. Qxg4 Nxg4 18.
Bg1 Rfe8 19. Rf4 Nh6 20. h4 Nf5 21. c3 h5 22. Rbf1 Bh6 23. exf5 Rxe2 24. R4f2
$14 {Anand,V-Rivas Pastor,M/Las Palmas/1993/}) 7... Nd5 8. Ne4 Bh6 9. exd6 f5
10. Neg5 exd6 11. O-O O-O 12. c4 Nf6 13. Ne6 Re8 14. c5 dxc5 15. dxc5 Qb4 16.
Nc7 Nbd7 17. Nxa8 Rxa8 18. Ne5 Bxe2 19. Qxe2 Re8 20. Qc4+ Qxc4 21. Nxc4 Bf8 $14
{Illescas,M-Rivas,M/Madrid/1993/}) 6. fxe5 dxe5 7. dxe5 Nfd7 8. Nf3 (8. Bg4 Bc5
9. Nf3 O-O 10. e6 fxe6 11. Bxe6+ Kh8 $13) 8... Na6 (8... Qa5 9. e6 $1 fxe6 10.
O-O $36 {/\Ng5->}) 9. Bc4 Bb4 (9... Bc5 10. Qe2 O-O 11. Bb3 $14 {/\Bf4,0-0-0})
10. a3 (10. e6 fxe6 11. Bxe6 Nf6 12. Bxc8 Rxc8 13. Qe2 O-O $36 {/\Ne4!}) 10...
Bxc3+ 11. bxc3 Nac5 (11... Ndc5 12. Be3 {/\Ba6+-} Qa5 13. Bxf7+ $5 (13. O-O Be6
$13) 13... Kxf7 14. O-O $40) 12. Qd4 Nf8 (12... O-O 13. Ng5 $16 {/\Nf7,e6}) 13.
a4 Nfe6 14. Qe3 O-O (14... Qa5 15. O-O $32 $36 {/\Nd4-f5-d6} (15. Bxe6 Bxe6 16.
Ba3 Nxa4 $5 17. Bb4 Qb6 18. Qg5 Nc5 19. Nd4 $5 $14)) 15. a5 Qc7 16. O-O Bd7 $2
(16... Nd7 $142 $5 17. Bxe6 $5 (17. Ba3 c5 $132) 17... fxe6 18. Qd4 $14 {/\Qd6}
) 17. Ba3 b6 $8 18. Bxe6 Bxe6 19. axb6 axb6 20. Bxc5 bxc5 21. Qxc5 $18 {/\Nd4}
Ba2 22. Nd4 Rfe8 (22... Rfc8 23. Nf5 $40) 23. Qxc6 Qxe5 24. Qd7 Rad8 (24...
Qxe4 $2 25. Rxa2 Rxa2 26. Qxf7+ Kh8 27. Qf8+ $1) 25. Qa7 Bc4 26. Nc6 $138 (26.
Nc6 Qxe4 (26... Qh5 27. Nxd8 Bxf1 28. Qxf7+ Qxf7 29. Nxf7 Kxf7 (29... Bc4 30.
Nd6 $18) 30. Rxf1+ $18) 27. Nxd8 Bxf1 28. Qxf7+ Kh8 29. Rxf1 Rxd8 30. Qf8+) 1-0

[Event "Lippstadt"]
[Site "Lippstadt"]
[Date "1994.??.??"]
[Round "8"]
[White "Hoffmann, Michael"]
[Black "Hickl, Joerg"]
[Result "1/2-1/2"]
[WhiteElo "2470"]
[BlackElo "2535"]
[Annotator "Stohl,I"]
[PlyCount "90"]
[EventDate "1994.06.??"]
[EventType "tourn"]
[EventRounds "11"]
[EventCountry "GER"]
[EventCategory "8"]
[SourceTitle "CBM 043"]
[Source "ChessBase"]
[SourceDate "1994.12.01"]
[SourceVersion "1"]
[SourceVersionDate "1994.12.01"]
[SourceQuality "1"]

1. e4 d6 2. d4 Nf6 3. Nc3 g6 4. Be3 c6 5. Qd2 b5 6. Bd3 (6. f3 Nbd7 7. O-O-O (
7. g4 $13) 7... Qa5 8. Kb1 Bg7 9. Bd3 b4 10. Nce2 c5 11. Nc1 cxd4 12. Bxd4 Rb8
13. g4 Nc5 14. g5 Nh5 15. Bc4 O-O 16. Nge2 Be6 17. Bxe6 fxe6 18. Bxg7 Nxg7 19.
Nd4 Qc7 20. Rhf1 e5 21. Ndb3 Nce6 22. Ne2 a5 23. f4 $10 {Krsek,J-Dufek,J/CR-ch/
1994/}) 6... Qc7 (6... Nbd7 7. Nf3 e5 $5 (7... Nb6 $6 8. e5 Nfd5 9. Nxd5 Nxd5
10. Be4 Bg7 11. a4 Be6 12. axb5 cxb5 13. Bh6 O-O 14. Bxg7 Kxg7 15. h4 h5 16.
Ng5 Qd7 17. O-O $16 {Karason,A-Van Parreren,H/Reykjavik op/1994/}) 8. dxe5 dxe5
9. h3 Qe7 $5 (9... Bg7 10. a4 b4 11. Ne2 a5 12. c3 Qe7 13. cxb4 axb4 14. Qc2
Bb7 15. O-O O-O 16. Rfd1 Ra5 17. Nc1 Nc5 18. Nb3 Nxb3 19. Qxb3 Nh5 20. Bb6 Raa8
21. Rac1 $16 {Gallagher,J-Fioramonti,H/Zug/1991/}) 10. O-O-O a6 11. Rhe1 Bg7
12. Bh6 Bxh6 13. Qxh6 Bb7 14. Kb1 O-O-O 15. a3 Rhe8 16. Bf1 Nc5 17. Qe3 a5 18.
Ng5 Rxd1+ 19. Rxd1 Nfd7 20. Nf3 Rd8 21. Na2 f6 22. Nc1 Ne6 23. Nb3 a4 24. Na5
Ndc5 $15 {Tolnai,T-Ftacnik,L/Stara Zagora zt-A/1990/}) (6... Bg7 7. Nf3 (7. Bh6
$5) 7... Bb7 8. O-O O-O 9. e5 dxe5 10. Nxe5 Nbd7 11. Bh6 a6 12. Bxg7 Kxg7 13.
Qe3 Nb6 14. Ne4 Nbd5 15. Qg3 Nxe4 16. Bxe4 Nf6 17. Qe3 Nxe4 18. Qxe4 Qc7 19.
Qe3 Rad8 20. Nd3 Bc8 21. Nc5 $14 {Orlov,V-Gubanov,A/St.Petersburg op/1994/}) 7.
O-O-O (7. a4 b4 8. Nce2 a5 9. c3 bxc3 10. bxc3 Ba6 $132) (7. Nf3 e5 $5 $10 (
7... Nbd7 8. O-O-O (8. O-O e5 9. a4 $1 b4 10. Ne2 exd4 11. Nexd4 c5 12. Nb5 Qc6
13. Bc4 Bb7 14. Bf4 a6 15. Bd5 $1 Nxd5 16. exd5 Qb6 17. Rfe1+ Kd8 18. Ng5 axb5
19. Nxf7+ Kc7 20. Nxh8 $16 {Nunn,J-McNab,C/Walsall/1992/}) 8... Nb6 9. e5 Nfd5
10. exd6 exd6 11. Nxd5 Nxd5 12. Rde1 Be6 13. Bg5 Kd7 14. Be4 Nb6 15. Qf4 d5 16.
Qf6 $1 dxe4 17. Ne5+ Kc8 18. Qxh8 $16 {Adams,M-Conquest,S/Eastbourne GB-ch/
1990/})) 7... Nbd7 8. f4 $6 (8. f3 b4 9. Nce2 a5 $13) 8... b4 9. Nce2 Ng4 $1
10. Nf3 Nxe3 11. Qxe3 Nb6 12. h4 (12. h3 $142 $5 {/\g4}) 12... h5 $15 13. Kb1
Bg7 14. f5 (14. e5 Nd5 15. Qd2 Bg4 16. Be4 Qb6 $15) 14... gxf5 15. exf5 Nd5 16.
Qe4 Qb6 17. Ka1 (17. Bc4 $2 Nc3+ $1 18. Nxc3 bxc3 19. Bb3 a5 20. Rhe1 Bf6 $40)
17... Nf6 18. Qf4 c5 $1 19. Rhe1 Bb7 $17 20. dxc5 Qxc5 21. Ned4 a6 22. Nb3 (22.
Re2 Ng4 23. Rde1 Ne5 $17) 22... Qb6 23. Bc4 d5 24. Bd3 Rc8 (24... Ne4 $6 25.
Bxe4 dxe4 26. Ng5 Qf6 27. Nd4 $13) 25. Ng5 Ng4 $1 {/\Qf2} 26. Rd2 (26. Re2 $142
) 26... Be5 $1 27. Qf1 $8 (27. Rxe5 Nxe5 28. Qxe5 $2 Qg1+) 27... Bg3 28. Rde2
$5 (28. Ree2 Bxh4 29. Nf3 Bf6 $19) 28... Bxe1 29. Qxe1 Rc7 30. Nf3 Rg8 31. Kb1
Nf6 32. Ng5 a5 33. Nd2 a4 34. g3 (34. Ndf3 Ng4 {/\b3|^}) 34... a3 (34... Ng4 $5
$17 {/\d4,Ne3}) 35. Ndf3 Ng4 36. Qc1 axb2 $6 (36... Nf2 $2 37. Qg1 $1) (36...
Qd6 37. Bb5+ Kf8 $17) 37. Qf4 Rh8 38. Nd4 $132 Bc8 (38... Bc6 39. f6 $44) 39.
Nb5 Rc6 (39... Rd7 40. Ne6 $5 {/\} fxe6 $2 41. fxe6 Rd6 42. Nxd6+ Qxd6 43. Bg6+
$1 $18) 40. Qxb4 Ne3 41. Nf3 {/\Nfd4} Bxf5 42. Nfd4 $1 Bxd3 43. cxd3 (43. Rxe3
$5 Be4 44. Nxc6 Qxc6 45. Nd4 $36) 43... Re6 $8 44. Nxe6 fxe6 45. Qd4 (45. Qxb2
$2 Rf8 $15) 45... Qxd4 (45... Qxd4 46. Nxd4 Nf5 $1 (46... e5 $2 47. Nc6 d4 48.
Nxe5 Rg8 49. Rxb2 $18) (46... Nd1 47. Rd2 $14) 47. Nxf5 exf5 48. Re5 Rg8 49.
Rxf5 Rxg3 50. Rxd5 e6 51. Rxh5 Rxd3 52. Kxb2 Kd7 53. a4 Rh3 $10) 1/2-1/2

[Event "Veterans-Women"]
[Site "Monte Carlo"]
[Date "1994.??.??"]
[Round "8"]
[White "Hort, Vlastimil"]
[Black "Polgar, Judit"]
[Result "1-0"]
[WhiteElo "2535"]
[BlackElo "2630"]
[Annotator "Stohl,I"]
[PlyCount "111"]
[EventDate "1994.06.??"]
[EventType "schev"]
[EventRounds "6"]
[EventCountry "MNC"]
[SourceTitle "CBM 042"]
[Source "ChessBase"]
[SourceDate "1994.10.01"]
[SourceVersion "1"]
[SourceVersionDate "1994.10.01"]
[SourceQuality "1"]

1. d4 Nf6 2. g3 g6 3. Bg2 Bg7 4. e4 d6 5. Nc3 O-O 6. Nge2 Nbd7 (6... Nc6 7. h3
e5 8. Be3 exd4 9. Nxd4 Bd7 10. O-O Re8 11. Re1 a6 12. a4 Nb4 $1 13. Nb3 Bc6 14.
Bd4 a5 15. Qd2 b6 16. Kh2 Qd7 17. f4 Rad8 18. Bf2 d5 $1 19. e5 Ne4 20. Qe2 Nxf2
21. Qxf2 f6 $15 {Vajda,L-Zimmerman,Y/Budapest FS Feb IM-A/1994/}) 7. O-O c6 8.
a4 Qc7 (8... b6 9. h3 Bb7 10. g4 a6 11. f4 b5 12. e5 Ne8 13. Ne4 Qc7 14. Bd2 c5
15. c3 Nb6 16. axb5 axb5 17. N2g3 Nc4 18. Rxa8 Bxa8 19. b3 Nxd2 20. Qxd2 cxd4
21. cxd4 Qb6 22. Qf2 Nc7 $132 {Winge,S-Johansson,J/SVE-ch/1989/}) 9. h3 (9. b3
b6 10. f4 e5 $1 11. Ba3 exd4 12. Nxd4 Bb7 13. Qd2 Rfe8 14. Rad1 Nc5 15. Rfe1 a5
16. h3 Rad8 17. Qf2 Rd7 18. Bf3 Rde7 19. Qg2 Nd5 $1 $132 {Hertneck,G-Hodgson,
Ju/Kecskemet/1988/}) 9... e5 10. Be3 Re8 (10... b6 11. Qd2 Re8 12. g4 Bb7 13.
Ng3 d5 14. f4 exd4 15. Bxd4 dxe4 16. g5 e3 17. Bxe3 Nd5 18. Nxd5 cxd5 19. Bd4
Bxd4+ 20. Qxd4 Nc5 21. Rad1 $14 {Djurhuus,R-Bern,I/Gjovik NO-ch/1991/}) 11. f4
exd4 (11... b6 12. dxe5 dxe5 13. f5 $36) 12. Bxd4 b6 (12... Nc5 13. Bxc5 dxc5
14. e5 $16 {/\Ne4[+]}) 13. g4 Ba6 14. Rf2 Rad8 15. g5 (15. Ng3 c5 $5 16. Be3 d5
$1 $13) 15... Nh5 16. Bxg7 Nxg7 (16... Bxe2 $5 17. Nxe2 Nxg7 $13) 17. Ng3 $1
Bb7 18. h4 a6 19. Qd2 (19. h5 b5 20. h6 Ne6 $132) 19... b5 20. axb5 axb5 21.
Re1 Qb6 (21... b4 22. Nd1 c5 23. Ne3 {/\Ng4|^}) 22. Nd1 (22. Qxd6 $2 Nc5 23.
Qf6 Re6) 22... d5 23. Ne3 $1 dxe4 (23... d4 24. Ng4 c5 25. f5 $40) 24. Ng4 e3 (
24... c5 25. f5 $5 $44) 25. Rxe3 Rxe3 26. Qxe3 $1 (26. Nxe3 c5 $10) 26... Qxe3
27. Nxe3 f5 28. Rd2 $14 Ne6 29. Ne2 Kf7 30. Kf2 Ke7 31. b4 Rb8 (31... Ra8 $5)
32. c3 Nb6 (32... c5 33. Bxb7 Rxb7 34. Nd5+ Kf7 35. Ra2 $14) 33. h5 Nc8 $6 (
33... c5 $142 $14) 34. c4 $1 bxc4 35. hxg6 hxg6 36. Nxc4 $36 {/\Ne5,><c6,g6} c5
37. Ne5 $1 {/\Rd7+-} Bxg2 38. Kxg2 Ke8 39. bxc5 Nxc5 40. Nxg6 $16 Ne4 (40...
Ne7 41. Nxe7 Kxe7 42. Rd5 $18) 41. Ra2 Ncd6 42. Ne5 Nf7 43. Nf3 Kf8 (43... Nfd6
$142 $16) 44. Ned4 Nfd6 45. Ne5 Kg8 46. Kh3 $1 Rc8 47. Kh4 (47. Ra7 Rc3+ 48.
Kh4 Nf2 $132) 47... Nc3 48. Ra7 Ncb5 49. Nxb5 Nxb5 50. Rd7 $18 Nc3 51. Kh5 Ne2
52. Kh6 Nxf4 53. Rg7+ Kf8 54. Nd7+ Ke8 55. Nf6+ Kd8 (55... Kf8 56. g6 $1 Nxg6
57. Kxg6 {/\Rf7#}) 56. Rd7# 1-0

[Event "Las Palmas"]
[Site "Las Palmas"]
[Date "1993.??.??"]
[Round "3"]
[White "Jussupow, Artur"]
[Black "Christiansen, Larry Mark"]
[Result "1-0"]
[WhiteElo "2645"]
[BlackElo "2620"]
[Annotator "Stohl,I"]
[PlyCount "93"]
[EventDate "1993.06.??"]
[EventType "tourn"]
[EventRounds "9"]
[EventCountry "ESP"]
[EventCategory "16"]
[SourceTitle "CBM 036"]
[Source "ChessBase"]
[SourceDate "1993.10.01"]
[SourceVersion "1"]
[SourceVersionDate "1993.10.01"]
[SourceQuality "1"]

1. d4 {Anand} d6 2. e4 Nf6 3. f3 e5 (3... d5 {Anand} 4. exd5 (4. e5 Nfd7 5. f4)
4... Nxd5 5. c4 Nf6 6. Nc3 $14) 4. dxe5 (4. d5 {Anand} Be7 5. Be3 O-O 6. c4)
4... dxe5 5. Qxd8+ Kxd8 6. Bc4 Be6 7. Bxe6 fxe6 8. Nh3 (8. Be3 Bd6 (8... Nbd7
$6 9. Nd2 Bc5 (9... Bd6 $5 $14) 10. Bxc5 Nxc5 11. Nc4 Ncd7 12. Nh3 {><e5} Ne8
13. O-O-O Ke7 14. Rd2 b5 15. Rhd1 $16 {Spassky,B-Rivas,M/Salamanca/1991/}) (
8... Nc6 9. Nd2 Bd6 10. Nh3 Ke7 11. Nf2 h6 12. c3 Nh5 $6 (12... a6 $142) 13. g3
Nf6 14. Ke2 Kf7 15. a4 a6 16. b4 b5 17. Ra2 Nd7 18. Rha1 $36 {Eslon,
J-Strikovic,A/Zaragoza op/1992/}) 9. Ne2 Ke7 10. Nd2 a6 11. a4 Nc6 12. c3 Nd7
13. Nc1 b5 $5 14. Nd3 Na5 $1 15. b4 Nb7 16. Nb3 bxa4 17. Rxa4 Rhc8 $132 {
/\c5,Hertneck,G-Lutz,C/Munich/1993/}) 8... Bc5 (8... Bd6 $142 $5 9. Ke2 Ke7 10.
Be3 h6 11. Nd2 Nc6 12. c3 g5 (12... a6 $142 $132) 13. Nf2 Rhg8 14. g4 $1 Nd8
15. a4 Nf7 16. b4 a6 17. Nb3 $36 {->>>,Alterman,B-Akopian,V/Beersheba/1992/})
9. Nf2 Bxf2+ $6 10. Kxf2 $14 {_|_,><e5} Nc6 11. Be3 Ke7 (11... Rf8 {Anand /\
12.Ke2 Nd4} 12. Rd1+ $1 Ke8 (12... Ke7 $2 13. Bc5+) 13. Ke2 $16) 12. Na3 $1 {
/\Nb5,Nc4} (12. Nd2 {Anand Also with interesting possibilities such as c3,Nb3
or,c3,Nc4 but Artur wants to place the knight on d3}) 12... a6 13. c3 Rhd8 14.
Ke2 h6 15. Nc2 Rd7 (15... a5 16. a4 $5 $14 {/\b4,Na3-c4}) 16. Rhd1 (16. Ne1 {
Anand} Rad8) 16... Rad8 (16... Rxd1 17. Rxd1 Rd8 18. Rb1 $1 $14) 17. Rxd7+ Rxd7
18. Ne1 $1 {/\Nd3->><e5} Ne8 19. Nd3 Nd6 20. Bf2 $1 (20. Nc5 Rd8 21. b3 a5 {
/\b6=}) 20... b6 21. Bg3 Nf7 (21... Kf6 $142 $5 $14) 22. a4 a5 (22... Kf6 {
Anand} 23. b4 Ne7 24. b5 $16) 23. Rc1 Kf6 24. b4 $1 Rd8 (24... axb4 25. cxb4
Nd4+ 26. Ke3 $16 {/\Rc4,Ne5,a5}) 25. b5 Ne7 26. Bf2 $1 (26. c4 c5 $5 27. Bf2
Rc8 $14) 26... Rb8 27. c4 {/\c5->} (27. Rb1 $5 {Anand to stop c5. But as the
game continuation shows White has no need for such finesses.} Nd6 $140 28. Nxe5
$1 Kxe5 29. Bg3+ Kf6 30. e5+ $18) 27... c5 28. Nxc5 $1 bxc5 29. Bxc5 Nd8 (29...
Nc8 $5 30. Be3 $16) 30. Bd6 Rb7 31. Rd1 $1 $18 (31. c5 Rd7 (31... Nec6 $1 {
Anand}) 32. Rd1 (32. Bxe7+ Kxe7 33. c6 Rc7 $13) 32... Nf7 $13) 31... Ndc6 (
31... Rd7 32. Bxe5+ $18) (31... Nf7 32. Ba3 {/\c5-c6}) 32. bxc6 Nxc6 33. Bc5 $1
Rb2+ 34. Rd2 Rb3 (34... Rxd2+ {Anand} 35. Kxd2 Kf7 36. h4 {/\ h5} h5 37. Bd6
Ke8 38. c5 {/\ Kd3-c4-b5+-}) 35. Rd6 Ne7 (35... Rb2+ 36. Kd3 Ne7 37. Rd7 Ng6
38. g3 Rxh2 39. Bd6 Rg2 40. c5 Rxg3 41. c6 Rxf3+ 42. Kc4 $18) 36. Bb6 Ng6 (
36... Rb2+ 37. Kd3 Rxg2 38. Bd8 $1 $18) 37. Bxa5 Nf4+ 38. Kd2 Nxg2 39. c5 Ne3
40. Bd8+ Kf7 41. Rd3 Nc4+ 42. Kc2 Rb8 43. c6 Ke8 44. c7 Ra8 45. Rc3 Nb6 46. a5
$1 Rxa5 (46... Nc8 47. Rc5 $18) 47. c8=Q (47. c8=Q Nxc8 48. Bxa5 $18) 1-0